German-Turkish Perspectives on IT and Innovation Management Challenges and Approaches /

This book includes papers presented at the 2nd Economic forum: German-Turkish perspectives on IT and Innovation Management at the FOM in Munich, organized by the FOM University of Applied Sciences and Atatürk University Erzurum. Patron of the conference was Prof. Dr. Johanna Wanka, Federal Minister...

Πλήρης περιγραφή

Λεπτομέρειες βιβλιογραφικής εγγραφής
Συγγραφή απο Οργανισμό/Αρχή: SpringerLink (Online service)
Άλλοι συγγραφείς: Bakırcı, Fehim (Επιμελητής έκδοσης, http://id.loc.gov/vocabulary/relators/edt), Heupel, Thomas (Επιμελητής έκδοσης, http://id.loc.gov/vocabulary/relators/edt), Kocagöz, Orhan (Επιμελητής έκδοσης, http://id.loc.gov/vocabulary/relators/edt), Özen, Üstün (Επιμελητής έκδοσης, http://id.loc.gov/vocabulary/relators/edt)
Μορφή: Ηλεκτρονική πηγή Ηλ. βιβλίο
Γλώσσα:English
Έκδοση: Wiesbaden : Springer Fachmedien Wiesbaden : Imprint: Springer Gabler, 2018.
Έκδοση:1st ed. 2018.
Σειρά:International Series,
Θέματα:
Διαθέσιμο Online:Full Text via HEAL-Link
LEADER 04980nam a2200517 4500
001 978-3-658-16962-6
003 DE-He213
005 20191026101230.0
007 cr nn 008mamaa
008 171221s2018 gw | s |||| 0|eng d
020 |a 9783658169626  |9 978-3-658-16962-6 
024 7 |a 10.1007/978-3-658-16962-6  |2 doi 
040 |d GrThAP 
050 4 |a HD28-70 
072 7 |a KJMV6  |2 bicssc 
072 7 |a BUS087000  |2 bisacsh 
072 7 |a KJMV6  |2 thema 
072 7 |a PDG  |2 thema 
082 0 4 |a 658.514  |2 23 
245 1 0 |a German-Turkish Perspectives on IT and Innovation Management  |h [electronic resource] :  |b Challenges and Approaches /  |c edited by Fehim Bakırcı, Thomas Heupel, Orhan Kocagöz, Üstün Özen. 
250 |a 1st ed. 2018. 
264 1 |a Wiesbaden :  |b Springer Fachmedien Wiesbaden :  |b Imprint: Springer Gabler,  |c 2018. 
300 |a XVII, 515 p. 76 illus.  |b online resource. 
336 |a text  |b txt  |2 rdacontent 
337 |a computer  |b c  |2 rdamedia 
338 |a online resource  |b cr  |2 rdacarrier 
347 |a text file  |b PDF  |2 rda 
490 1 |a International Series,  |x 2524-6739 
505 0 |a Introduction -- Innovation -- IT -- Finance -- Education -- SME -- Miscellaneous. 
520 |a This book includes papers presented at the 2nd Economic forum: German-Turkish perspectives on IT and Innovation Management at the FOM in Munich, organized by the FOM University of Applied Sciences and Atatürk University Erzurum. Patron of the conference was Prof. Dr. Johanna Wanka, Federal Minister for Education and Research. To mark the German-Turkish year of science, both countries picked out global and societal challenges as a central theme and explored solution strategies as well as their implementation in new technologies and innovations.  The papers discuss the effects of new technologies and innovations from different perspectives - from IT management, banking and finance to the special challenges of SMEs.  The Editors Fehim Bakırcı is a professor of ecomomic theory and labor economy at the Faculty of Economics and Administrative Sciences and head of the Department of International Trade and Logistic at Atatürk University in Erzurum, Turkey. His research fields are micro economy, labor economy, industrial economy and efficiency and economic productivity.  Thomas Heupel studied economics at the University of Siegen and subsequently worked as a research assistant at the IöB (Institut für ökologische Betriebswirtschaft) and managing director of the SMI (Siegener Mittelstandsinstitut) at the University of Siegen, Germany. He is a professor of business administration, with a focus on cost accounting and controlling. Since 2009 he has been vice rector of research at the FOM University of Applied Sciences in Essen, Germany. His research focuses on the fields of behavioural economics, automotive industry management, demographic change, blue ocean strategy, management of SMEs and cost control. He is a member of several scientific institutions' advisory boards and editor of numerous academic books. Orhan Kocagöz studied business administration at the Friedrich Alexander University in Erlangen and received a doctorate on the topic "Business groups in developing countries. The rise, organization and business policy of Turkish holdings". Since 2011 he has been professor of general business administration in particular international management at the FOM University of Applied Sciences in Nuremberg, Germany.  Üstün Özen is professor at the Faculty of Economics and Administrative Sciences and head of the Department of Management Information Systems at the Atatürk University in Erzurum, Turkey. He has published a wide spectrum of articles in various national and international journals in the fields of information systems management, project management, system analysis & design, distance learning, and e-commerce, as well as numerous books. He has also presented a number of scientific papers at national and international symposiums. 
650 0 |a Management. 
650 0 |a Industrial management. 
650 1 4 |a Innovation/Technology Management.  |0 http://scigraph.springernature.com/things/product-market-codes/518000 
700 1 |a Bakırcı, Fehim.  |e editor.  |4 edt  |4 http://id.loc.gov/vocabulary/relators/edt 
700 1 |a Heupel, Thomas.  |e editor.  |4 edt  |4 http://id.loc.gov/vocabulary/relators/edt 
700 1 |a Kocagöz, Orhan.  |e editor.  |4 edt  |4 http://id.loc.gov/vocabulary/relators/edt 
700 1 |a Özen, Üstün.  |e editor.  |4 edt  |4 http://id.loc.gov/vocabulary/relators/edt 
710 2 |a SpringerLink (Online service) 
773 0 |t Springer eBooks 
776 0 8 |i Printed edition:  |z 9783658169619 
776 0 8 |i Printed edition:  |z 9783658169633 
776 0 8 |i Printed edition:  |z 9783658215187 
830 0 |a International Series,  |x 2524-6739 
856 4 0 |u https://doi.org/10.1007/978-3-658-16962-6  |z Full Text via HEAL-Link 
912 |a ZDB-2-BUM 
950 |a Business and Management (Springer-41169)